| 000 | 00603na a2200229 4500 | ||
|---|---|---|---|
| 001 | 18459 | ||
| 003 | MIRAKIL | ||
| 005 | 20181213155143.0 | ||
| 008 | 161118b tu 000 0 | ||
| 035 | _a18459 | ||
| 040 |
_aMilas _btur _cTR-AnCHP |
||
| 041 | _atur | ||
| 082 |
_a352.09561 _bY27b 1996 |
||
| 090 | _a352.09561 Y27b 1996 | ||
| 100 | _aYaşamış, Firuz Demir | ||
| 245 |
_aBelediye yönetimi _cFiruz Demir Yaşamış |
||
| 260 |
_aAnkara _b[yayl. y.] _c1996 |
||
| 300 |
_a493 s. _c24 sm. |
||
| 650 |
_aYerel yönetimler _zTürkiye |
||
| 650 |
_aBelediyeler _zTürkiye |
||
| 942 |
_2ddc _cBKS |
||
| 999 |
_c7569 _d7569 |
||